00962nam a22002057a 4500003000900000005001700009008004100026040001300067100001100080245008600091250000600177260003700183300005300220490007000273520018400343942001200527999001700539952010000556952010000656IT-RoPau20220918175942.0130218b xxu||||| |||| 00| 0 eng d cIT-RoPau 4AA.VV. aTutti là€ siamo nati.bGuida storico-geografica ai luoghi "paolini" del Piemonte aI aAlbabTipografia San Paoloc1999 a254 p.c20,5 cmeFoto a colori e b.n fuori testo aEdizioni dell'Archivio storico generale della Famiglia PaolinavI aIndice Presentazione Introduzione Prima parte: Il Pellegrinaggio Seconda parte: I luoghi del carisma Terza parte: Preghiere, letture e canti Bibliografia Informazioni utili  2ddccBK c38109d38109 00102ddc406P_C271aPAULUSbPAULUSd2013-02-18l0oP C2r2013-02-18 00:00:00w2013-02-18yBK 00102ddc406P_C271aPAULUSbPAULUSd2014-02-28l0oP C2r2014-02-28 00:00:00w2014-02-28yBK